书目信息 |
| 题名: |
轻松学出纳
|
|
| 作者: | 王亚卓 编著 | |
| 分册: | ||
| 出版信息: | 南昌 江西人民出版社 2007.02 |
|
| 页数: | 366页 | |
| 开本: | 21cm | |
| 丛书名: | 新编财务与会计培训丛书 | |
| 单 册: | ||
| 中图分类: | F233 | |
| 科图分类: | ||
| 主题词: | 出纳--chu na--基本知识 | |
| 电子资源: | ||
| ISBN: | 978-7-210-03539-8 | |
| 000 | 00917nam 2200265 450 | |
| 001 | 299224 | |
| 005 | 20070316134000.0 | |
| 009 | 012004117357 | |
| 010 | @a978-7-210-03539-8@dCNY25.00 | |
| 100 | @a20070315d2007 em y0chiy0121 ea | |
| 101 | 0 | @achi |
| 102 | @aCN@b360000 | |
| 105 | @aak z 000yy | |
| 106 | @ar | |
| 200 | 1 | @a轻松学出纳@Aqing song xue chu na@f王亚卓编著 |
| 210 | @a南昌@c江西人民出版社@d2007.02 | |
| 215 | @a366页@c图表@d21cm | |
| 225 | 2 | @a新编财务与会计培训丛书@Axin bian cai wu yu kuai ji pei xun cong shu |
| 330 | @a本书立足于出纳业务的具体处理实务,在新会计准则的大框架下,摒弃了陈旧的知识内容,并将新的财务思维和财务技巧引入,从人生的角度思考财务,思考出纳职业的发展走向。 | |
| 410 | 0 | @12001 @a新编财务与会计培训丛书 |
| 606 | 0 | @a出纳@Achu na@x基本知识 |
| 690 | @aF233@v4 | |
| 701 | 0 | @a王亚卓@Awang ya zhuo@4编著 |
| 801 | 0 | @aCN@b@c20070315 |
| 905 | @b671591-93@dF233@eW410@f3 | |
| 轻松学出纳/王亚卓编著 .-南昌:江西人民出版社,2007.02 |
| 366页:图表;21cm.-(新编财务与会计培训丛书) |
| ISBN 978-7-210-03539-8:CNY25.00 |
| 本书立足于出纳业务的具体处理实务,在新会计准则的大框架下,摒弃了陈旧的知识内容,并将新的财务思维和财务技巧引入,从人生的角度思考财务,思考出纳职业的发展走向。 |
| ● |
| 相关链接 |
|
|
|
正题名:轻松学出纳
索取号:F233/W410
 
预约/预借
| 序号 | 登录号 | 条形码 | 馆藏地/架位号 | 状态 | 备注 |
| 1 | 671591 | 206715919 | 社科库409/409社科库 76排4列5层/ [索取号:F233/W410] | 在馆 | |
| 2 | 671592 | 206715928 | 社科库409/409社科库 76排4列5层/ [索取号:F233/W410] | 在馆 | |
| 3 | 671593 | 206715937 | 社科库409/ [索取号:F233/W410] | 在馆 |